| 000 | 01479nab a22002777a 4500 | ||
|---|---|---|---|
| 999 |
_c5571 _d5571 |
||
| 003 | OSt | ||
| 005 | 20251218113252.0 | ||
| 008 | 190429b xxu||||| |||| 00| 0 spa d | ||
| 040 | _cPJ | ||
| 100 |
_96549 _aZelasco, Andrés M. |
||
| 245 | 1 | 0 |
_aContradicciones, arbitrariedad y desigualdad ante la ley. Problemas y propuestas ante un mal precedente. El fallo "Moreira" de la CS /
_cAndrés M. Zelasco. |
| 260 |
_cCiudad Autónoma de Buenos Aires : _aThomson Reuters La Ley, _b2025. |
||
| 300 | _ap. 59-66 | ||
| 500 | _aCita: TR LALEY AR/DOC/732/2025. | ||
| 505 | _aSumario: I. Introducción.— II. Antecedentes. El fallo de la Cámara Nacional de Casación.— III. La decisión de la Corte Suprema de Justicia.— IV. La contradicción lógica.— V. Afectaciones constitucionales.— VI. Un mal precedente.— VII. Propuesta.— VIII. Conclusiones. | ||
| 505 | _tFallos comentados: CS ~ 16/05/2024 ~ Moreira, Cristian Alberto s/ incidente de recurso extraordinario. | ||
| 505 | _tSi te interesa el texto completo, solicitalo a koha@justierradelfuego.gov.ar | ||
| 650 | 0 |
_9343 _aDERECHO PENAL |
|
| 650 | 0 |
_92348 _aPROCESO PENAL |
|
| 650 | 0 |
_91237 _aIGUALDAD ANTE LA LEY |
|
| 650 | 0 |
_93006 _aREINCIDENCIA |
|
| 650 | 0 |
_92954 _aLIBERTAD CONDICIONAL |
|
| 650 | 0 |
_9586 _aDEFENSA EN JUICIO |
|
| 773 | 0 |
_02658 _93164 _tRevista de derecho penal y criminología. Nº 4 - Mayo 2025 _dCiudad Autónoma de Buenos Aires : Thomson Reuters La Ley, 2017- _x00347914 |
|
| 942 |
_2udc _cANA |
||